Star Wars Clones: Medium Difficulty - Statistics

General Stats
  • This quiz has been taken 99 times
    84 since last reset
  • The average score is 27 of 45
Answer Stats
Hint Answer % Correct
Captain of the 501st Legion, later promoted to Commander. Captain/Commander Rex
100%
Commander of the 212th Attack Battalion. Commander Cody
100%
Member of Domino Squad; Later appears in 'The Bad Batch'. Echo
93%
Member of Domino Squad; Removed his inhibitor chip which led to his death. Fives
93%
Commander of the Coruscant Guard; Killed CT-5555. Commander Fox
88%
Member of the 'Bad Batch'; Sergeant. Hunter
86%
Member of the 'Bad Batch'; Bulky. Wrecker
86%
Commander of the 104th Battalion; served under Plo Koon. Commander Wolffe
84%
Member of the 'Bad Batch'; Nerdy. Tech
84%
Commander of the 327th Star Corps; armor colored yellow. Commander Bly
81%
Member of the 'Bad Batch'; Sniper. Crosshair
81%
Executed Order 66 early because of a malfunctioning inhibitor chip; Part of the 501st; Has a tear-shaped tatoo. Tup
81%
Commander of the 41st Elite Corps and the 41st Special Recon Division; served under Yoda during the battle of Kashyyyk. Commander Gree
80%
Member of Domino Squad; Sacrificed himself on Rishi Moon. (Yes, his name is spelled like that.) Hevy
80%
Female version of Jango Fett's DNA; Joins the 'Bad Batch' after Order 66. Omega
80%
Took part in the recapturing of Ryloth; Part of the 212th Attack Battalion; Died on Umbara. Waxer
78%
Took part in the recapturing of Ryloth; Part of the 212th Attack Battalion; Almost always seen with (Above Answer). Boil
77%
Arc Trooper; Part of the 501st; Later part of the 332nd Division; Was killed in Venator Crash after almost completing Order 66. Jesse
72%
Arrested on Umbara; Favors Pong Krell over his own brothers; Part of the 501st (Formerly). Dogma
71%
Sacrificed himself on Umbara to take down a droid supply ship; Part of the 501st; Hyper. (Tells Umbarans to "Eat, eat, eat!") Hardcase
71%
Medic; Part of the 501st; Has a republic symbol on his helmet. (Yes, his name is spelled like that.) Kix
71%
Member of Domino Squad; Eaten on Rishi Moon. Cutup
70%
Clone Commando; Supposedly died on planet void, but later appears in 'Rebels'; Has Amnesia. (Yes, It only has 1 'G'.) Gregor
70%
Maintenance Clone; Died defending Kamino; Crippled. 99
65%
Commander who served under Mace Windu, but was killed by Aura Sing. Commander Ponds
64%
Member of Domino Squad; Killed on Rishi Moon. Droidbait
64%
ARC- 170 & V-19 starfighter Pilot; Seen flying in Episode III: Revenge of the Sith; Part of the 212th. Oddball
52%
Lieutenant; Coruscant Guard; First seen with Yoda in the 'Clone Wars'. Lieutenant Thire
51%
Clone Commando; Member of Delta Squad; Goes by 38 and the answer. Boss
45%
Clone Commando; Member of Delta Squad; Goes by 07 and the answer; Killed on Kashyyyk. Sev
45%
Clone Commando; Member of Delta Squad; Goes by 62 and the answer. Scorch
43%
Killed on Rishi Moon; Sergeant; Killed by an excessive amount of blaster bolts. O'Niner
41%
Clone Commando; Member of Delta Squad; Goes by 40 and the answer; Is not a medic despite what you may think. Fixer
39%
Seen in the same episode as (Above 2 Answers); Coruscant Guard. Jek
36%
Seen in the same episode as (Above Answer); Coruscant Guard. Rys
35%
Y- Wing Pilot; Shadow Squadron; Killed by an ion blast from the Malevolence after getting damaged by a Winged Vacuumbreather; Part of the 501st. Matchstick
30%
Fell to his death when climbing a rock face at the Citadel; Part of the 501st. Charger
29%
Killed by an electric pulse in a citadel corridor; Part of the 212th. Longshot
29%
Killed on Umbara by a land mine with (Above Answer); Part of 501st. Oz
26%
Killed on Umbara by a land mine; Part of the 501st. Ringo
26%
LAAT & V- 19 Starfighter Pilot; Part of the 104th Battalion (Wolfpack Trooper). Warthog
26%
Y-Wing Pilot; Friend of (Below Answer); Part of the 501st; Shadow Squadron. Broadside
22%
Killed on Rishi Moon; Said, "Look Sir! Droids!" before getting killed. Nub
16%
Y-Wing Pilot; Killed because (Above Answer's) Y-Wing crashed into his; Part of the 501st; Part of Shadow Squadron. Tag
16%
Deck Officer on the Rishi Moon outpost; Killed by a vibrosword. CT-327
13%
No matching quizzes found
Score Distribution
Percent of People with Each Score
Percentile by Number Answered
Your Score History
You have not taken this quiz since the last reset